00465nam a2200133 a 450000100100000000500170001000800410002702000150006824500790008326000340016295201050019699900170030104000130031800003646120200930075737.0120118s1993 000 spa d a0844235253 0aHow to approach an adevertising agency and walk away with the job you wat. aLincolnwood, Illinois,c1993. 001050718MOaGRbGRcHDd2012-01-18iLF1l0o p36462-10r2020-06-25w2020-06-25y1ZNo se presta c35952d35952 aDO-SdBNP